O direito constitucional e a efetividade de suas normas : (Record no. 741)

MARC details
000 -LÍDER
Campo Fixo de Controle 00901nam a2200265 a 4500
001 - NÚMERO DE CONTROLE
Campo de Controle 741
003 - IDENTIFICAÇÃO DO NÚMERO DE CONTROLE
Campo de Controle BR-CuiBMT
005 - DATA E HORA DA ÚLTIMA ATUALIZAÇÃO
Campo de Controle 20231129140134.0
008 - DADOS FIXOS
Dados Fixos 231116s2009 rfb 001 0 por d
020 ## - INTERNATIONAL STANDARD BOOK NUMBER
Nº do ISBN 9788571477063
040 ## - AGÊNCIA CATALOGADORA
Código da Agência Catalogadora BR-CuiBMT
Agência que transcreveu o registro BR-CuiBMT
080 ## - Nº DA CLASSIFICAÇÃO DECIMAL UNIVERSAL
Nº edição CDU 2007
Nº Class. CDU 342
090 ## - NÚMERO DE CHAMADA
Nº classificação 342
Cutter B277d
Ano/Edição 9. ed.
100 1# - ENTRADA PRINCIPAL -- AUTOR PESSOAL
Nome pessoal Barroso, Luís Roberto,
Datas associadas ao nome 1958-
245 12 - TÍTULO PRINCIPAL
Título principal O direito constitucional e a efetividade de suas normas :
Subtítulo limites e possibilidades da Constituição brasileira /
Indicação de responsabilidade Luís Roberto Barroso.
250 ## - EDIÇÃO
Edição 9. ed., rev. e atual.
260 ## - PUBLICAÇÃO, DISTRIBUIÇÃO, ETC.
Local de publicação Rio de Janeiro :
Editora Renovar,
Data 2009.
300 ## - DESCRIÇÃO FÍSICA
N. páginas ou volumes 410 p. ;
Dimensões 22 cm
504 ## - NOTA DE BIBLIOGRAFIA, ETC.
Nota de bibliografia Inclui bibliografia e índice.
650 ## - ASSUNTO TÓPICO
Cabeçalho tópico ou nome geográfico Direito constitucional
Subdivisão geográfica Brasil
650 ## - ASSUNTO TÓPICO
Cabeçalho tópico ou nome geográfico Constituição federal
Subdivisão geral História
Subdivisão geográfica Brasil
650 ## - ASSUNTO TÓPICO
Cabeçalho tópico ou nome geográfico Norma constitucional
Subdivisão geográfica Brasil
650 ## - ASSUNTO TÓPICO
Cabeçalho tópico ou nome geográfico Direito processual constitucional
Subdivisão geográfica Brasil
942 ## - ELEMENTOS DE ENTRADA ADICIONAIS (KOHA)
Fonte de classificação ou esquema de arquivamento Classificação Decimal Universal
Tipo de item do Koha Livros
Holdings
Estado: removido Estado: perdido Fonte de classificação ou esquema de arquivamento Estado: danificado Indisponível para empréstimo Localização permanente Localização atual Data de aquisição Total Checkouts Número de Chamada completo Código de barras Date last seen Número do exemplar Preço efetivo a partir de Tipo de item (Koha)
    Classificação Decimal Universal     Biblioteca da Escola Superior de Contas do TCE/MT Biblioteca da Escola Superior de Contas do TCE/MT 02/04/2013   342 B277d 9. ed. BIBTCEMT23110612 16/11/2023 Ex. 1 16/11/2023 Livros

Powered by Koha